[Event "GER-chT Federal Cup (Women)"]
[Site "Braunfels"]
[Date "2021.10.24"]
[Round "5.24"]
[White "Brender, Biserka"]
[Black "Schnell, Andrea"]
[Result "1-0"]
[WhiteElo "1428"]
[BlackElo "1281"]
[PlyCount "57"]
[EventDate "2021.10.19"]
[EventType "team-tourn"]
[EventRounds "5"]
[EventCountry "GER"]
[SourceTitle "CBM 204 Extra"]
[Source "ChessBase"]
[SourceDate "2021.11.30"]
[SourceVersion "1"]
[SourceVersionDate "2021.11.30"]
[SourceQuality "1"]

1. e4 c6 2. d4 d5 3. exd5 cxd5 4. Nf3 Nf6 5. Bb5+ Bd7 6. Bd3 Bg4 7. 0-0 e6 8. h3 Bh5 9. Be2 Bd6 10. Bg5 Be7 11. Bxf6 Bxf6 12. c3 0-0 13. Nbd2 Nd7 14. Nh2 Bxe2 15. Qxe2 Rc8 16. Ng4 Be7 17. Nf3 Nf6 18. Nfe5 Nxg4 19. Qxg4 f6 20. Qxe6+ Kh8 21. Nf7+ Rxf7 22. Qxf7 Bd6 23. Rfe1 h6 24. Qe6 Bc7 25. g3 Bb8 26. Re3 b5 27. Rae1 Bc7 28. Qf7 Ba5 29. Re8+ 1-0

[Event "GER-chT Federal Cup (Women)"]
[Site "Braunfels"]
[Date "2015.06.05"]
[Round "2.8"]
[White "Brender, Biserka"]
[Black "Holschuh, Paulina"]
[Result "0-1"]
[WhiteElo "1282"]
[BlackElo "1028"]
[PlyCount "74"]
[EventDate "2015.06.04"]
[EventType "team-swiss"]
[EventRounds "5"]
[EventCountry "GER"]
[SourceTitle "CBM 167 Extra"]
[Source "ChessBase"]
[SourceDate "2015.09.14"]
[SourceVersion "1"]
[SourceVersionDate "2015.09.14"]
[SourceQuality "1"]
[WhiteTeam "Wuerttemberg (W)"]
[BlackTeam "Saarland (W)"]
[WhiteTeamCountry "GER"]
[BlackTeamCountry "GER"]

1. d4 d5 2. Nf3 Nc6 3. g3 Nf6 4. Nc3 Bg4 5. Bg2 e6 6. h3 Bxf3 7. Bxf3 Bd6 8. a3 0-0 9. Bg5 Re8 10. Qd2 Be7 11. Bf4 h6 12. h4 Bd6 13. Bxd6 Qxd6 14. 0-0-0 e5 15. dxe5 Nxe5 16. Bxd5 c6 17. Bxf7+ Nxf7 18. Qe1 Qc5 19. b4 Qc4 20. h5 g5 21. hxg6 Ne5 22. Rh4 Qe6 23. Rxh6 Kg7 24. Qh1 Nxg6 25. f3 Qe3+ 26. Kb2 Qxh6 27. Qg2 Rad8 28. Rh1 Qe3 29. f4 Ne4 30. Nd1 Qd4+ 31. c3 Qd2+ 32. Kb3 Qd5+ 33. Kb2 Qc4 34. Qh3 Rd2+ 35. Kc1 Qa2 36. Qh7+ Kf6 37. Rh6 Qa1# 0-1

[Event "GER-chT Federal Cup (Women)"]
[Site "Braunfels"]
[Date "2012.06.09"]
[Round "4.8"]
[White "Brender, Biserka"]
[Black "Niedermaier, Barbara"]
[Result "0-1"]
[WhiteElo "1216"]
[BlackElo "1966"]
[PlyCount "52"]
[EventDate "2012.06.07"]
[EventType "team-swiss"]
[EventRounds "5"]
[EventCountry "GER"]
[SourceTitle "CBM 149 Extra"]
[Source "ChessBase"]
[SourceDate "2012.08.24"]
[SourceVersion "1"]
[SourceVersionDate "2012.08.24"]
[SourceQuality "1"]
[WhiteTeam "Wuerttemberg (W)"]
[BlackTeam "Bayern Muenchen (W)"]
[WhiteTeamCountry "GER"]
[BlackTeamCountry "GER"]

1. e4 c5 2. f4 d6 3. Nf3 Nf6 4. Nc3 g6 5. Bb5+ Bd7 6. Qe2 Bg7 7. e5 dxe5 8. Nxe5 0-0 9. Bxd7 Nbxd7 10. 0-0 a6 11. Nxd7 Qxd7 12. a4 b6 13. Rf3 Ng4 14. Rd3 Bd4+ 15. Re3 Nxe3 16. dxe3 Bg7 17. Bd2 Rfd8 18. Rd1 Bxc3 19. bxc3 Qxa4 20. f5 Qxc2 21. e4 Rd7 22. fxg6 hxg6 23. e5 Rad8 24. e6 Rxd2 25. exf7+ Kf8 26. Rxd2 Rxd2 0-1

[Event "GER-chT Federal Cup (Women)"]
[Site "Braunfels"]
[Date "2012.06.08"]
[Round "2.8"]
[White "Ipsen, Beate"]
[Black "Brender, Biserka"]
[Result "1-0"]
[WhiteElo "1250"]
[BlackElo "1216"]
[PlyCount "91"]
[EventDate "2012.06.07"]
[EventType "team-swiss"]
[EventRounds "5"]
[EventCountry "GER"]
[SourceTitle "CBM 149 Extra"]
[Source "ChessBase"]
[SourceDate "2012.08.24"]
[SourceVersion "1"]
[SourceVersionDate "2012.08.24"]
[SourceQuality "1"]
[WhiteTeam "Hamburg (W)"]
[BlackTeam "Wuerttemberg (W)"]
[WhiteTeamCountry "GER"]
[BlackTeamCountry "GER"]

1. e4 c5 2. Nf3 a6 3. d4 cxd4 4. Nxd4 e5 5. Nf3 Nc6 6. Nc3 h6 7. Bc4 f6 8. 0-0 Nge7 9. Be3 Na5 10. Bb3 Nxb3 11. axb3 d6 12. Nd2 h5 13. Nc4 d5 14. Nxd5 Be6 15. Bb6 Qc8 16. Nc7+ Kf7 17. Nd6+ Kg8 18. Nxc8 Bxc8 19. Nxa8 h4 20. Bc5 h3 21. g3 f5 22. Bxe7 Bxe7 23. Qd5+ Kh7 24. Qxe5 Bf6 25. Qc7 Bxb2 26. Rad1 Bf6 27. e5 Bg5 28. Rd3 f4 29. Re1 Bf5 30. e6 Bxd3 31. cxd3 fxg3 32. Qxg3 Be7 33. Qc7 Bd8 34. Qxb7 Ba5 35. Re5 Bd2 36. Rh5+ Bh6 37. Rxh6+ Kxh6 38. e7 Kg6 39. Qd7 Rxa8 40. e8Q+ Rxe8 41. Qxe8+ Kh7 42. d4 g5 43. Qc6 g4 44. d5 a5 45. d6 Kg8 46. d7 1-0

[Event "GER-chT Federal Cup (Women)"]
[Site "Braunfels"]
[Date "2012.06.07"]
[Round "1.8"]
[White "Brender, Biserka"]
[Black "Busch, Annette"]
[Result "1/2-1/2"]
[WhiteElo "1216"]
[BlackElo "1692"]
[PlyCount "107"]
[EventDate "2012.06.07"]
[EventType "team-swiss"]
[EventRounds "5"]
[EventCountry "GER"]
[SourceTitle "CBM 149 Extra"]
[Source "ChessBase"]
[SourceDate "2012.08.24"]
[SourceVersion "1"]
[SourceVersionDate "2012.08.24"]
[SourceQuality "1"]
[WhiteTeam "Wuerttemberg (W)"]
[BlackTeam "Baden (W)"]
[WhiteTeamCountry "GER"]
[BlackTeamCountry "GER"]

1. e4 c5 2. Nf3 e6 3. d4 cxd4 4. Qxd4 Nc6 5. Qa4 Be7 6. Bd3 d6 7. 0-0 Bd7 8. Bb5 Nf6 9. Nc3 a6 10. Bxc6 Bxc6 11. Qd4 0-0 12. Bg5 Qc7 13. Qd3 Rfd8 14. Nd4 d5 15. Nxc6 bxc6 16. Qe2 h6 17. Bh4 dxe4 18. Bg3 Qb7 19. Rab1 Rd7 20. b3 Rad8 21. Rbd1 Bb4 22. Rxd7 Rxd7 23. Be5 Be7 24. Nxe4 Nxe4 25. Qxe4 Qb5 26. c4 Qc5 27. b4 Qb6 28. c5 Qb5 29. Re1 Rd5 30. g3 Qd3 31. Qg4 Bf8 32. Re3 Qb1+ 33. Kg2 Qxa2 34. Re2 Rd2 35. Rxd2 Qxd2 36. Bf4 Qd4 37. Qf3 Qd5 38. Qxd5 exd5 39. Bd6 f6 40. Kf3 Kf7 41. Bc7 Ke6 42. Ke3 f5 43. h4 g5 44. h5 Bg7 45. f4 g4 46. Kd3 d4 47. Bd6 Kd5 48. Bb8 Bf8 49. Be5 Ke6 50. Kxd4 Be7 51. Bg7 Bf6+ 52. Bxf6 Kxf6 53. Kc4 Ke6 54. Kd4 1/2-1/2

[Event "BL2 Sued 1011 (Women)"]
[Site "Germany"]
[Date "2010.11.06"]
[Round "1.6"]
[White "Brender, Biserka"]
[Black "Holtz, Anja"]
[Result "0-1"]
[WhiteElo "1279"]
[BlackElo "1397"]
[PlyCount "66"]
[EventDate "2010.11.06"]
[EventType "team-tourn"]
[EventRounds "7"]
[EventCountry "GER"]
[SourceTitle "EXT 2012"]
[Source "ChessBase"]
[SourceDate "2011.11.24"]
[SourceVersion "1"]
[SourceVersionDate "2011.11.24"]
[SourceQuality "1"]
[WhiteTeam "Deizisau (W)"]
[BlackTeam "Mainz Orient (W)"]
[WhiteTeamCountry "GER"]
[BlackTeamCountry "GER"]

1. d4 d5 2. Nf3 Nc6 3. e3 e6 4. c4 Nf6 5. a3 Bd7 6. Nc3 a6 7. Be2 Be7 8. 0-0 0-0 9. b4 dxc4 10. b5 axb5 11. Nxb5 Na5 12. a4 c6 13. Na3 b5 14. axb5 cxb5 15. Ne5 Nb3 16. Ra2 Nd5 17. Bb2 Nb4 18. Bf3 Ra7 19. Nxd7 Qxd7 20. d5 Nxa2 21. Nc2 Nb4 22. Nd4 Nxd4 23. Bxd4 Ra2 24. dxe6 Qxe6 25. Qb1 Qa6 26. Qe4 Qd6 27. Qg4 Bf6 28. Bxf6 Qxf6 29. Rb1 Ra1 30. Qe4 Nd3 31. Rf1 Rxf1+ 32. Kxf1 Qa1+ 33. Ke2 Qe1# 0-1

[Event "GER-chT Federal Cup (Women)"]
[Site "Braunfels"]
[Date "2009.06.06"]
[Round "4"]
[White "Schlueter, Sabrina"]
[Black "Brender, Biserka"]
[Result "1-0"]
[WhiteElo "1789"]
[BlackElo "1262"]
[PlyCount "67"]
[EventDate "2009.06.04"]
[EventType "team-swiss"]
[EventRounds "5"]
[EventCountry "GER"]
[SourceTitle "CBM 130 Extra"]
[Source "ChessBase"]
[SourceDate "2009.07.02"]
[SourceVersion "2"]
[SourceVersionDate "2009.07.15"]
[SourceQuality "1"]

1. e4 c5 2. Nf3 d6 3. Bb5+ Bd7 4. Bxd7+ Qxd7 5. 0-0 Nf6 6. e5 Nd5 7. Re1 Nc6 8. exd6 Qxd6 9. c3 0-0-0 10. Qc2 f6 11. Na3 Qd7 12. Nc4 g5 13. Ne3 e6 14. Nxd5 exd5 15. d4 h5 16. dxc5 Bxc5 17. Be3 Bxe3 18. Rxe3 h4 19. Nd4 Ne5 20. Qf5 Qxf5 21. Nxf5 Nc4 22. Re7 Ne5 23. Rd1 h3 24. Re6 g4 25. Rxf6 hxg2 26. Kxg2 Rh3 27. Rh6 Rf3 28. Nd4 Rf7 29. Nb5 Kb8 30. Rxd5 Nd7 31. Rg6 Rdf8 32. Rd2 Ne5 33. Rgd6 Nf3 34. Rd8+ 1-0